Normal view
MARC view
- Desarrollo económico
Entry Materia
001 - NÚMERO DE CONTROL DEL REGISTRO
- campo de control: 22001
003 - IDENTIFICADOR DE NUMERO DE CONTROL
- campo de control: MX-MxUPN
005 - FECHA Y HORA DE LA ÚLTIMA TRANSACCIÓN
- campo de control: 20241015105041.0
008 - DATOS DE LONGITUD FIJA
- campo de control de longitud fija: 241015n||acannbabn n ana |d
035 ## - NÚMERO DE CONTROL DEL SISTEMA
- Número de control del sistema: UPN10000022010
040 ## - FUENTE DE LA CATALOGACIÓN
- Lengua de catalogación: spa
- Agencia de transcripción: DLC
- Centro catalogador de origen: DLC
- Agencia de modificación: MX-MxUPN
053 #4 - NÚMERO CLASIFICADOR - BIBLIOTECA DEL CONGRESO (LC)
- Elemento numérico de la clasificación - Número único o no. inicial del rango: HC175
150 ## - ENCABEZAMIENTO - TEMÁTICO
- Término de materia o nombre geográfico como elemento inicial: Desarrollo económico
- Subdivisión geográfica: Argentina
670 ## - FUENTE EN LA QUE SE LOCALIZARON DATOS
- Cita de la fuente: Autoridades LC, 15 octubre 2024 :
- Información localizada: (Economic development - Argentina)
902 ## - CATALOGADOR
- Catalogador: MCM/110613
- Catalogador: MaríaRobles/151024
